| 000 | 00000nam##2200000za#4500 |
| 001 | 9.578605 |
| 003 | CaOODSP |
| 005 | 20210624190151 |
| 007 | cr ||||||||||| |
| 008 | 150406|1989||||xxc|||||o f|0| 0 eng|d |
| 022 | |a1488-5379 |
| 040 | |aCaOODSP|beng |
| 043 | |an-cn--- |
| 086 | 1 |aFs97-6/1651E-PDF |
| 110 | 1 |aCanada. |bDepartment of Fisheries and Oceans. |
| 245 | 10|aFisheries and population biology of lobsters (Homarus Americanus) at St. Chaos-Burnside, Newfoundland / |h[electronic resource]|cby G.P. Ennis, P.W. Collins, and G. Dave. |
| 260 | |aSt. John's - Newfoundland and Labrador : |bFisheries and Oceans Canada |c1989. |
| 300 | |a50p.|bfigs., references, tables |
| 490 | 1 |aCanadian technical report of fisheries and aquatic sciences|x1488-5379|vNo. 1651 |
| 500 | |aOn t.p.: Science Branch, St. John's, Newfoundland. The catalogue number and ISSN for the print edition appear in the PDF version. |
| 546 | |a(Résumé en français) |
| 590 | |a14-04-Supp|b2014-02-05 |
| 720 | 1 |aCollins, P. W. |
| 720 | 1 |aEllis, G. P. |
| 720 | 1 |aDave, D. |
| 830 | #0|aCanadian technical report of fisheries and aquatic sciences,|x1488-5379|vNo. 1651|w(CaOODSP)9.504449 |
| 856 | 40|ahttp://publications.gc.ca|qPDF|s1871 KB|uhttps://publications.gc.ca/collections/collection_2014/mpo-dfo/Fs97-6-1651-eng.pdf|yNo. 1651 |